00588nam a2200157 a 450000100100000000500170001000800410002704000250006808200150009324500520010826001040016030000270026404900090029195201130030099900170041300002798520200930031244.0110406s19uu dr a 000 0 spa d aDO-SdBNPbspacBNPHU axxxbD422f03aEl deporte femenino a través de los siglos /. aSanto Domingo :bSecretaría de Estado de Deportes, Educación Física y Recreación,c[19--?]. a12 p. :bil. ;c22 cm. aBNPD 0010718PDaPDbPDcCTd2011-04-06iLF1l0oxxx D422fp27985-10r2020-06-25w2020-06-25yLFPDZNo se presta c27477d27477